| 000 | 00351nam a22001457a 4500 | ||
|---|---|---|---|
| 999 |
_c15644 _d15644 |
||
| 003 | OSt | ||
| 008 | 190522b ||||| |||| 00| 0 eng d | ||
| 020 | _a9789384533366 | ||
| 082 |
_a630 _bSHA/AG |
||
| 100 |
_aSharma, B K _94130 |
||
| 245 | _aAgriculture and Food Production | ||
| 260 |
_aDelhi _bAmiga Press.INC _c2018 |
||
| 300 | _a236 p. | ||
| 942 | _cBK | ||